00747nam a2200241 i 4500001001100000003000500011005001700016008004100033040002500074082001500099090002100114100002700135245005500162264006000217300002400277336002100301337002500322338002300347650002700370942001000397999001500407952008300422C2-0070208PPAK20190630222135.0970429s1978 ir |||| ||||| | eng d aPPAKbengcPPAKerda04a350.8522300a350.85bMATdKIH1 aMathew, N.T., eauthor12aA statistical system for cultural planning in Asia 1aTehran : bAsian Cultural Documentation Center , c1978 a116 pages ; c22 cm 2rdacontentatext 2rdamediaaunmediated 2rdacarrieravolume10aAsia - Cultural policy ddccB c8057d8057 0071bPPAKcKIHd1999-07-18oKIH 350.85 MATpA00172041r2018-05-08 00:00:00yB